[Event "Madrid ch sf-A"]
[Site "Madrid ESP"]
[Date "2007.01.10"]
[Round "3.2"]
[White "Horcajada Reales, Guillermo"]
[Black "Ballesteros Gonzalez, David"]
[Result "0-1"]
[WhiteElo "2188"]
[BlackElo "2212"]
[PlyCount "97"]
[EventDate "2007.01.08"]
[EventType "swiss"]
[EventRounds "9"]
[EventCountry "ESP"]
[Source "lmi"]
[SourceDate "2007.01.08"]

1. d4 d6 2. c4 c5 3. d5 e5 4. e4 f5 5. exf5 Bxf5 6. Nc3 Nf6 7. Bd3 Bxd3 8. Qxd3
Be7 9. Nf3 Na6 10. O-O O-O 11. Ng5 Nc7 12. f4 h6 13. Ne6 Nxe6 14. dxe6 Nh5 15.
f5 Nf6 16. Nd5 Nxd5 17. Qxd5 Qc7 18. Be3 Qc6 19. Rad1 Qxd5 20. Rxd5 Rab8 21. a4
b6 22. g4 Rbd8 23. Kg2 Kh7 24. Kf3 a6 25. b4 cxb4 26. Bxb6 Rc8 27. Rc1 b3 28.
c5 dxc5 29. Rc4 b2 30. Rd1 Rc6 31. a5 Rxe6 32. Rb1 Rd6 33. Rxb2 Rd4 34. Rxd4
cxd4 35. Ke4 Bf6 36. Rc2 Rf7 37. Rc6 Rd7 38. Kd3 Rd5 39. Bc7 Rb5 40. Rxa6 Rb3+
41. Ke4 Re3+ 42. Kd5 d3 43. Rd6 Re1 44. Kc6 e4 45. Rd7 Ra1 46. Kb7 Bc3 47. a6
d2 48. a7 e3 49. f6 0-1

[Event "Madrid ch sf-A"]
[Site "Madrid ESP"]
[Date "2007.01.10"]
[Round "3.3"]
[White "Pastor Alonso de Prado, Alberto"]
[Black "Blanco Sanchez, Jose Fernando"]
[Result "0-1"]
[WhiteElo "2212"]
[BlackElo "2159"]
[PlyCount "78"]
[EventDate "2007.01.08"]
[EventType "swiss"]
[EventRounds "9"]
[EventCountry "ESP"]
[Source "lmi"]
[SourceDate "2007.01.08"]

1. e4 e5 2. d4 d6 3. dxe5 dxe5 4. Qxd8+ Kxd8 5. Bc4 f6 6. Be3 c6 7. Nd2 Nd7 8.
Ne2 Bc5 9. Ng3 Bxe3 10. fxe3 Nh6 11. O-O Ke7 12. a4 a5 13. Rad1 Nc5 14. b3 Bg4
15. Nf3 Rhd8 16. h3 Be6 17. Bxe6 Nxe6 18. Nd2 b5 19. axb5 cxb5 20. Nb1 Rac8 21.
Na3 b4 22. Nc4 a4 23. Nb6 Rxc2 24. Nd5+ Kf7 25. Rb1 a3 26. Nxb4 Rb2 27. Nd5 Nc5
28. b4 Nd3 29. b5 Ng8 30. Ra1 a2 31. Nc3 Rc8 32. Nge2 Nb4 33. Rfd1 Ke7 34. Kf1
Nc2 35. Nd5+ Kf7 36. Rac1 Ne7 37. Kf2 Nxd5 38. exd5 a1=Q 39. Rxa1 Nxa1 0-1

[Event "Madrid ch sf-A"]
[Site "Madrid ESP"]
[Date "2007.01.10"]
[Round "3.4"]
[White "Salcedo Tornero, Pablo"]
[Black "Nuñez Muñoz, Jesus"]
[Result "0-1"]
[WhiteElo "2176"]
[BlackElo "2205"]
[PlyCount "58"]
[EventDate "2007.01.08"]
[EventType "swiss"]
[EventRounds "9"]
[EventCountry "ESP"]
[Source "lmi"]
[SourceDate "2007.01.08"]

1. e4 c5 2. Nc3 Nc6 3. g3 g6 4. Bg2 Bg7 5. d3 d6 6. Be3 e5 7. Qd2 Nge7 8. h4 h6
9. Nh3 Be6 10. f4 Qd7 11. h5 Nd4 12. hxg6 fxg6 13. O-O-O O-O-O 14. Kb1 Kb8 15.
Nf2 exf4 16. gxf4 d5 17. f5 gxf5 18. Bxh6 Rhg8 19. Bg5 Nb5 20. Nxd5 Bxd5 21.
exd5 Rde8 22. c4 Nd4 23. Nh3 Ng6 24. Rde1 Ka8 25. Nf4 Ne5 26. Rh7 Nef3 27. Bxf3
Nxf3 28. Rxe8+ Qxe8 29. Qg2 Qe1+ 0-1

[Event "Madrid ch sf-A"]
[Site "Madrid ESP"]
[Date "2007.01.10"]
[Round "3.5"]
[White "Lozano Cortijo, Mariano"]
[Black "Barahona Torrijos, Angel"]
[Result "1/2-1/2"]
[WhiteElo "2181"]
[BlackElo "2030"]
[PlyCount "66"]
[EventDate "2007.01.08"]
[EventType "swiss"]
[EventRounds "9"]
[EventCountry "ESP"]
[Source "lmi"]
[SourceDate "2007.01.08"]

1. e4 e5 2. Nf3 Nc6 3. d4 exd4 4. Bc4 Nf6 5. e5 d5 6. Bb5 Ne4 7. Nxd4 Bc5 8.
O-O O-O 9. Bxc6 bxc6 10. Be3 Qe8 11. f3 Nf6 12. f4 Ng4 13. Qd2 f6 14. h3 fxe5
15. hxg4 exd4 16. Bxd4 Bxd4+ 17. Qxd4 Bxg4 18. Nc3 Qh5 19. Rae1 Rf6 20. Re5 Rf5
21. Nxd5 Rxe5 22. fxe5 Re8 23. Nxc7 Qxe5 24. Qxa7 Rc8 25. Na6 Be6 26. b3 c5 27.
Qe7 Qd4+ 28. Kh1 Qe3 29. Nc7 Qh6+ 30. Kg1 Qe3+ 31. Kh1 Qh6+ 32. Kg1 Qe3+ 33.
Kh2 Qh6+ 1/2-1/2

[Event "Madrid ch sf-A"]
[Site "Madrid ESP"]
[Date "2007.01.10"]
[Round "3.6"]
[White "Perez Cameselle, Francisco Jose"]
[Black "De Paz Nistal, Santiago"]
[Result "1/2-1/2"]
[WhiteElo "1984"]
[BlackElo "2180"]
[PlyCount "54"]
[EventDate "2007.01.08"]
[EventType "swiss"]
[EventRounds "9"]
[EventCountry "ESP"]
[Source "lmi"]
[SourceDate "2007.01.08"]

1. Nf3 Nf6 2. g3 d5 3. Bg2 c5 4. c4 e6 5. O-O Nc6 6. b3 Be7 7. Bb2 d4 8. e3 e5
9. exd4 exd4 10. Re1 O-O 11. d3 Qc7 12. Na3 a6 13. Nc2 Bf5 14. b4 Rad8 15. bxc5
Bxc5 16. Qd2 h6 17. Re2 Rfe8 18. Rae1 Rxe2 19. Rxe2 Be6 20. Re1 Qd6 21. Rb1 b6
22. Bc1 Ne5 23. Nxe5 Qxe5 24. Ne1 Bg4 25. h3 Bh5 26. Nf3 Qe7 27. Qe1 Qxe1+
1/2-1/2

[Event "Madrid ch sf-A"]
[Site "Madrid ESP"]
[Date "2007.01.10"]
[Round "3.7"]
[White "Andalon Gomez, Carlos J"]
[Black "Lorenzo Bailador, Alfredo"]
[Result "1/2-1/2"]
[WhiteElo "2023"]
[BlackElo "2082"]
[PlyCount "67"]
[EventDate "2007.01.08"]
[EventType "swiss"]
[EventRounds "9"]
[EventCountry "ESP"]
[Source "lmi"]
[SourceDate "2007.01.08"]

1. d4 d5 2. c4 e6 3. Nc3 Be7 4. Nf3 Nf6 5. Bg5 Nbd7 6. e3 O-O 7. Rc1 c6 8. Bd3
dxc4 9. Bxc4 Nd5 10. Bxe7 Qxe7 11. e4 Nxc3 12. Rxc3 e5 13. O-O exd4 14. Qxd4
Nb6 15. Bb3 Be6 16. Qe5 Nd7 17. Qc7 Rab8 18. Bxe6 Qxe6 19. Rd1 Nf6 20. Rb3 Qxe4
21. Rxb7 Rxb7 22. Qxb7 Qc2 23. Rf1 Qc5 24. b3 Re8 25. b4 Qc4 26. h3 c5 27. bxc5
Qxc5 28. Re1 Rxe1+ 29. Nxe1 h6 30. Qb8+ Kh7 31. Qb1+ Kg8 32. Qb8+ Kh7 33. Qb1+
Kg8 34. Qb8+ 1/2-1/2

[Event "Madrid ch sf-A"]
[Site "Madrid ESP"]
[Date "2007.01.10"]
[Round "3.8"]
[White "Carbonell Martinez, Juan"]
[Black "Garcia Fernandez, Jesus"]
[Result "1-0"]
[WhiteElo "2119"]
[BlackElo "1937"]
[PlyCount "75"]
[EventDate "2007.01.08"]
[EventType "swiss"]
[EventRounds "9"]
[EventCountry "ESP"]
[Source "lmi"]
[SourceDate "2007.01.08"]

1. d4 d5 2. Nf3 Nf6 3. Bf4 c6 4. c3 Bf5 5. Nbd2 Nbd7 6. Nh4 Bg4 7. h3 Bh5 8.
Qb3 Qb6 9. e3 h6 10. Nf5 Bg6 11. g4 h5 12. Nh4 Qxb3 13. axb3 Bh7 14. g5 Ne4 15.
Rg1 Nxd2 16. Kxd2 g6 17. Bd3 e6 18. Nf3 Be7 19. Ne5 Nxe5 20. Bxe5 O-O 21. f4 a6
22. b4 Rac8 23. Bf6 Bxf6 24. gxf6 Kh8 25. h4 Ra8 26. Kc2 Rfc8 27. Kb3 b5 28.
Ra5 Ra7 29. Rga1 Rca8 30. Kc2 g5 31. fxg5 Bxd3+ 32. Kxd3 Kh7 33. e4 Kg6 34. Ke3
Kh7 35. Kf4 Kg6 36. Ke5 Rd8 37. Rxa6 dxe4 38. Rxa7 1-0

[Event "Madrid ch sf-A"]
[Site "Madrid ESP"]
[Date "2007.01.10"]
[Round "3.9"]
[White "Pardo Robles, Jose Manuel"]
[Black "Martin-Consuegra, Javier"]
[Result "1-0"]
[WhiteElo "2032"]
[BlackElo "1949"]
[PlyCount "81"]
[EventDate "2007.01.08"]
[EventType "swiss"]
[EventRounds "9"]
[EventCountry "ESP"]
[Source "lmi"]
[SourceDate "2007.01.08"]

1. e4 d5 2. Nc3 dxe4 3. Nxe4 Nd7 4. d4 Ngf6 5. Ng3 e6 6. Nf3 c5 7. Be2 Be7 8.
O-O O-O 9. c4 Qc7 10. Qc2 b6 11. Rd1 Bb7 12. Ng5 Rfd8 13. Nh5 g6 14. Bf4 Bd6
15. Bxd6 Qxd6 16. dxc5 Qxc5 17. Nxf6+ Nxf6 18. Bf3 Bxf3 19. Nxf3 b5 20. b3 Rac8
21. Rxd8+ Rxd8 22. Qb2 Ne4 23. Qe2 Nc3 24. Qe1 b4 25. h3 Qf5 26. Qe3 a6 27. Kh2
Rd3 28. Nh4 Rxe3 29. Nxf5 Re2 30. Ne7+ Kf8 31. Nc6 Nxa2 32. Kg3 Rb2 33. f3 f6
34. Nb8 Ke7 35. Nxa6 Kd6 36. c5+ Ke5 37. c6 Nc3 38. c7 Ne2+ 39. Kh2 Rc2 40. Re1
Kd6 41. Rxe2 1-0

[Event "Madrid ch sf-A"]
[Site "Madrid ESP"]
[Date "2007.01.10"]
[Round "3.10"]
[White "Lopez Heras, Arturo"]
[Black "Garcia Gonzalez, Pedro"]
[Result "0-1"]
[WhiteElo "1947"]
[BlackElo "2001"]
[PlyCount "88"]
[EventDate "2007.01.08"]
[EventType "swiss"]
[EventRounds "9"]
[EventCountry "ESP"]
[Source "lmi"]
[SourceDate "2007.01.08"]

1. e4 e5 2. Nc3 Nf6 3. g3 Bc5 4. Bg2 d6 5. Nge2 O-O 6. O-O a6 7. d4 exd4 8.
Nxd4 Re8 9. h3 Nbd7 10. Nf5 Nf8 11. Bg5 h6 12. Bxf6 Qxf6 13. Nd5 Qd8 14. Qg4
Bxf5 15. exf5 Nh7 16. Rae1 Rxe1 17. Rxe1 c6 18. Ne7+ Kf8 19. b4 Nf6 20. Qc4 Bb6
21. g4 d5 22. Qe2 Qd6 23. c4 dxc4 24. h4 Re8 25. g5 hxg5 26. hxg5 Rxe7 27.
Qxe7+ Qxe7 28. Rxe7 Kxe7 29. gxf6+ Kxf6 30. Be4 Bd4 31. a4 Ke5 32. Bc2 Bc3 33.
Kf1 Bxb4 34. Ke2 Kd4 35. f3 Bc3 36. Kd1 b5 37. Be4 b4 38. Bxc6 b3 39. Kc1 Kc5
40. Be8 f6 41. Bd7 Kb4 42. Be6 Be5 43. Bd5 c3 44. Be4 c2 0-1

[Event "Madrid ch sf-A"]
[Site "Madrid ESP"]
[Date "2007.01.10"]
[Round "3.11"]
[White "Algaba Traspuesto, Jose Antonio"]
[Black "Suarez Triguero, Alfonso"]
[Result "0-1"]
[WhiteElo "1825"]
[BlackElo "2188"]
[PlyCount "100"]
[EventDate "2007.01.08"]
[EventType "swiss"]
[EventRounds "9"]
[EventCountry "ESP"]
[Source "lmi"]
[SourceDate "2007.01.08"]

1. c4 Nf6 2. Nc3 c5 3. g3 Nc6 4. Bg2 g6 5. Nf3 Bg7 6. O-O O-O 7. Rb1 d5 8. cxd5
Nxd5 9. Qb3 Nb6 10. a3 Nd4 11. Nxd4 cxd4 12. Na4 Be6 13. Qb4 Nd5 14. Bxd5 Bxd5
15. d3 e5 16. Nc5 Qc7 17. Ne4 Bxe4 18. dxe4 Qc2 19. Bd2 Qxe4 20. e3 Rfd8 21.
Rbc1 Rac8 22. exd4 Rxc1 23. Rxc1 Qxd4 24. Bc3 Qb6 25. Qe7 Rc8 26. Rd1 e4 27.
Rd6 Qb3 28. Rd8+ Rxd8 29. Qxd8+ Bf8 30. Qf6 Qd1+ 31. Kg2 Qf3+ 32. Qxf3 exf3+
33. Kxf3 f5 34. Ke2 Kf7 35. Kd3 Ke6 36. f4 Kd5 37. h3 Bd6 38. Bd2 b5 39. Be1 a5
40. Bd2 a4 41. Be3 Bc7 42. Bd2 Bb6 43. Be3 Bxe3 44. Kxe3 Kc4 45. Kd2 Kd4 46.
Ke2 Ke4 47. Kf2 Kd3 48. g4 Kc2 49. h4 Kxb2 50. h5 Kxa3 0-1

[Event "Madrid ch sf-A"]
[Site "Madrid ESP"]
[Date "2007.01.15"]
[Round "4.1"]
[White "Rabadan Velasco, Raul"]
[Black "Ballesteros Gonzalez, David"]
[Result "1-0"]
[WhiteElo "2254"]
[BlackElo "2212"]
[PlyCount "100"]
[EventDate "2007.01.08"]
[EventType "swiss"]
[EventRounds "9"]
[EventCountry "ESP"]
[Source "lmi"]
[SourceDate "2007.01.08"]

1. d4 Nf6 2. c4 g6 3. Nc3 Bg7 4. e4 d6 5. Nge2 O-O 6. Ng3 e5 7. d5 a5 8. Be2
Na6 9. h4 h6 10. Be3 Kh7 11. h5 g5 12. O-O Nc5 13. a3 Bd7 14. b4 axb4 15. axb4
Rxa1 16. Qxa1 Nb3 17. Qb1 Nd4 18. Bxd4 exd4 19. e5+ Kg8 20. exf6 Qxf6 21. Nb5
c6 22. dxc6 bxc6 23. Na3 Ra8 24. Nc2 Re8 25. Bd3 Qf4 26. Qc1 Qh4 27. Bf5 Be6
28. Re1 Be5 29. Re4 Bf4 30. Qd1 d5 31. cxd5 cxd5 32. Re1 Rb8 33. Bxe6 fxe6 34.
Qd3 e5 35. Qg6+ Kh8 36. Qxh6+ Kg8 37. Qg6+ Kh8 38. Nf5 Qh2+ 39. Kf1 Rb7 40.
Qh6+ Kg8 41. Qe6+ Kh7 42. Qxd5 Qh1+ 43. Ke2 Qxh5+ 44. Kd3 Rc7 45. g4 Qh3+ 46.
Nce3 dxe3 47. Rh1 Bh2 48. Nxe3 Kg7 49. Qg2 Rd7+ 50. Ke2 Bf4 1-0

[Event "Madrid ch sf-A"]
[Site "Madrid ESP"]
[Date "2007.01.15"]
[Round "4.2"]
[White "Nuñez Muñoz, Jesus"]
[Black "Blanco Sanchez, Jose Fernando"]
[Result "1-0"]
[WhiteElo "2205"]
[BlackElo "2159"]
[PlyCount "99"]
[EventDate "2007.01.08"]
[EventType "swiss"]
[EventRounds "9"]
[EventCountry "ESP"]
[Source "lmi"]
[SourceDate "2007.01.08"]

1. e4 e5 2. Nf3 Nc6 3. Bb5 a6 4. Ba4 d6 5. O-O Bd7 6. c3 Nf6 7. Re1 Be7 8. d4
O-O 9. Nbd2 h6 10. Nf1 b5 11. Bb3 Nh7 12. Bd5 Bf6 13. dxe5 dxe5 14. Be3 Qe7 15.
b4 Rfd8 16. Bc5 Qe8 17. Ne3 Rac8 18. Qe2 a5 19. a4 axb4 20. axb5 Ne7 21. c4 c6
22. bxc6 Nxc6 23. Bb6 Ng5 24. Nxg5 Bxg5 25. Bxc6 Rxc6 26. Bxd8 Qxd8 27. Nd5 Kh7
28. Nxb4 Rg6 29. Nd5 Bf4 30. Nxf4 exf4 31. Kh1 Qg5 32. f3 h5 33. Qd2 h4 34. Ra5
f5 35. exf5 Bxf5 36. Ree5 Rb6 37. Reb5 Rf6 38. Qf2 g6 39. Rb6 Rf7 40. Rba6 h3
41. Ra7 Rxa7 42. Rxa7+ Kh6 43. gxh3 Qf6 44. h4 Qc3 45. Re7 Qc1+ 46. Re1 Qxc4
47. Qg2 Be6 48. Qg5+ Kg7 49. h5 Bf7 50. hxg6 1-0

[Event "Madrid ch sf-A"]
[Site "Madrid ESP"]
[Date "2007.01.15"]
[Round "4.3"]
[White "Pastor Alonso de Prado, Alberto"]
[Black "De la Fuente Gonzalez, Francisco"]
[Result "1-0"]
[WhiteElo "2212"]
[BlackElo "2242"]
[PlyCount "101"]
[EventDate "2007.01.08"]
[EventType "swiss"]
[EventRounds "9"]
[EventCountry "ESP"]
[Source "lmi"]
[SourceDate "2007.01.08"]

1. c3 g6 2. f4 Bg7 3. Nf3 d5 4. d3 Nc6 5. Nbd2 Nf6 6. e4 e5 7. fxe5 Ng4 8. Qe2
Ncxe5 9. d4 Nxf3+ 10. Qxf3 O-O 11. h3 dxe4 12. Nxe4 Nf6 13. Nxf6+ Qxf6 14. Be2
Qh4+ 15. Qf2 Qxf2+ 16. Kxf2 Be6 17. Bf3 c6 18. Re1 Rfe8 19. Bf4 Bd5 20. a4 Bxf3
21. Kxf3 f5 22. b4 a6 23. Rxe8+ Rxe8 24. b5 axb5 25. axb5 cxb5 26. Rb1 Ra8 27.
Ke3 Ra5 28. Kd3 h5 29. g3 Bf6 30. Bc7 Ra2 31. Rxb5 h4 32. Rb6 Kf7 33. Rxb7 Ke6
34. Rb6+ Kf7 35. gxh4 Bxh4 36. Be5 Rf2 37. Ke3 Rc2 38. Rc6 g5 39. Kd3 Rf2 40.
Rf6+ Ke7 41. d5 Rf3+ 42. Kc4 g4 43. Rh6 Rxh3 44. Rh7+ Ke8 45. d6 Bg5 46. Rg7
Bh4 47. Kd5 Kf8 48. Ke6 Re3 49. Rf7+ Kg8 50. Rxf5 g3 51. Rf4 1-0

[Event "Madrid ch sf-A"]
[Site "Madrid ESP"]
[Date "2007.01.15"]
[Round "4.4"]
[White "Pardo Robles, Jose Manuel"]
[Black "Horcajada Reales, Guillermo"]
[Result "0-1"]
[WhiteElo "2032"]
[BlackElo "2188"]
[PlyCount "82"]
[EventDate "2007.01.08"]
[EventType "swiss"]
[EventRounds "9"]
[EventCountry "ESP"]
[Source "lmi"]
[SourceDate "2007.01.08"]

1. e4 c5 2. Nf3 Nc6 3. Bb5 a6 4. Bxc6 dxc6 5. d3 Nf6 6. h3 g6 7. O-O Bg7 8. a4
a5 9. Nc3 O-O 10. Be3 b6 11. Qd2 Re8 12. Bh6 e5 13. Bg5 Qc7 14. Nh2 Nh5 15. Ne2
f6 16. Bh6 g5 17. Bxg7 Kxg7 18. g4 Nf4 19. Nxf4 gxf4 20. f3 Be6 21. b3 Rg8 22.
Kh1 Kf7 23. Rg1 Rg6 24. h4 Rd8 25. h5 Rgg8 26. Qf2 Rd4 27. Rgd1 h6 28. Rab1
Rgd8 29. Qe2 b5 30. axb5 cxb5 31. c3 R4d6 32. d4 cxd4 33. cxd4 Rxd4 34. Rxd4
exd4 35. Nf1 d3 36. Qd1 Qc2 37. Nd2 Qxd1+ 38. Rxd1 Rc8 39. Kg1 Rc3 40. Rb1 Rc2
41. Rd1 Rb2 0-1

[Event "Madrid ch sf-A"]
[Site "Madrid ESP"]
[Date "2007.01.15"]
[Round "4.5"]
[White "Garcia Gonzalez, Pedro"]
[Black "Lozano Cortijo, Mariano"]
[Result "0-1"]
[WhiteElo "2001"]
[BlackElo "2181"]
[PlyCount "106"]
[EventDate "2007.01.08"]
[EventType "swiss"]
[EventRounds "9"]
[EventCountry "ESP"]
[Source "lmi"]
[SourceDate "2007.01.08"]

1. e4 e6 2. d4 d5 3. Nc3 Bb4 4. e5 Qd7 5. a3 Bxc3+ 6. bxc3 b6 7. Nf3 Ba6 8.
Bxa6 Nxa6 9. Qe2 Nb8 10. O-O Nc6 11. a4 Na5 12. Nd2 Ne7 13. Nb3 Nc4 14. Nd2
Nxd2 15. Qxd2 Nc6 16. f4 g6 17. Qd3 Na5 18. Bd2 Nc4 19. Ra2 Qc6 20. Be1 O-O-O
21. Bh4 Rde8 22. Bf6 Rhg8 23. Rf3 h5 24. Rf1 a5 25. Rb1 Kb7 26. Rb3 Ka7 27. Ra1
Rc8 28. Ra2 Qd7 29. Kf2 c5 30. Rb5 Rc6 31. Ke2 Rgc8 32. Kd1 Qc7 33. Bh4 cxd4
34. Qxd4 Rc5 35. Rb3 Qd7 36. Bf2 Qe7 37. Qd3 R5c6 38. Bd4 Qh4 39. Qg3 Qxg3 40.
hxg3 Rh8 41. Bf2 g5 42. Ra1 gxf4 43. gxf4 Rg8 44. g3 h4 45. gxh4 Rg4 46. Ke2
Rxf4 47. Rab1 Re4+ 48. Kd3 Nxe5+ 49. Kd2 Nc4+ 50. Kd3 Rf4 51. Ke2 e5 52. h5
Rcf6 53. Bg3 Re4+ 0-1

[Event "Madrid ch sf-A"]
[Site "Madrid ESP"]
[Date "2007.01.15"]
[Round "4.6"]
[White "De Paz Nistal, Santiago"]
[Black "Andalon Gomez, Carlos J"]
[Result "1/2-1/2"]
[WhiteElo "2180"]
[BlackElo "2030"]
[PlyCount "117"]
[EventDate "2007.01.08"]
[EventType "swiss"]
[EventRounds "9"]
[EventCountry "ESP"]
[Source "lmi"]
[SourceDate "2007.01.08"]

1. e4 c6 2. d4 d5 3. Nd2 dxe4 4. Nxe4 Nd7 5. Nf3 Ngf6 6. Ng3 e6 7. Bd3 c5 8. c3
cxd4 9. Nxd4 Be7 10. O-O O-O 11. Qe2 a6 12. Re1 Qc7 13. Bd2 Nc5 14. Bc2 Bd7 15.
Rad1 Rfe8 16. c4 a5 17. b3 Bc6 18. Nxc6 Qxc6 19. Bc3 Ncd7 20. Ne4 Qc7 21. Ng5
Nf8 22. Nf3 Rac8 23. Nd4 a4 24. Nb5 Qc5 25. Bd4 Qh5 26. Bxf6 Qxe2 27. Rxe2 gxf6
28. Nd6 Bxd6 29. Rxd6 axb3 30. axb3 Ra8 31. g3 Rec8 32. Red2 Ra1+ 33. Kg2 Kg7
34. f4 Ra2 35. Be4 Rxd2+ 36. Rxd2 Rc7 37. Kf3 Nd7 38. b4 f5 39. Bd3 Nb6 40. Rc2
Kf6 41. Ke3 Nd7 42. Kd4 Ke7 43. Ra2 Nf6 44. Be2 Ne4 45. Bf3 Rd7+ 46. Ke3 Rc7
47. Rc2 Nd6 48. Kd3 Rd7 49. Ke3 Rc7 50. c5 Nc8 51. b5 Nb6 52. Kd4 Rd7+ 53. Kc3
Nd5+ 54. Bxd5 Rxd5 55. Kb4 Kd7 56. Kc4 Rd1 57. Rc3 Rb1 58. h4 Rb2 59. Rd3+
1/2-1/2

[Event "Madrid ch sf-A"]
[Site "Madrid ESP"]
[Date "2007.01.15"]
[Round "4.7"]
[White "Barahona Torrijos, Angel"]
[Black "Salcedo Tornero, Pablo"]
[Result "0-1"]
[WhiteElo "2030"]
[BlackElo "2176"]
[PlyCount "76"]
[EventDate "2007.01.08"]
[EventType "swiss"]
[EventRounds "9"]
[EventCountry "ESP"]
[Source "lmi"]
[SourceDate "2007.01.08"]

1. e4 d6 2. d4 Nf6 3. Nc3 g6 4. f4 Bg7 5. Bc4 O-O 6. e5 dxe5 7. dxe5 Qxd1+ 8.
Kxd1 Bg4+ 9. Ke1 Nh5 10. Nd5 Nc6 11. Nxc7 Rac8 12. Nd5 g5 13. Ne3 Bd7 14. fxg5
Bxe5 15. Nf3 Bg7 16. Bd2 Nf4 17. g3 Ng6 18. Nd5 Bg4 19. Be2 Bxf3 20. Bxf3 Nd4
21. Be4 Nxc2+ 22. Kf2 Nxa1 23. Rxa1 Rfd8 24. Be3 b6 25. Rd1 Kf8 26. h4 Bxb2 27.
h5 Ne5 28. Bf4 e6 29. Rd2 Nc4 30. Rxb2 Nxb2 31. Nf6 Nd3+ 32. Ke3 e5 33. Nxh7+
Ke7 34. Bxd3 exf4+ 35. gxf4 Rc3 36. Nf6 Rcxd3+ 37. Ke4 Rh3 38. h6 Rxh6 0-1

[Event "Madrid ch sf-A"]
[Site "Madrid ESP"]
[Date "2007.01.15"]
[Round "4.8"]
[White "Perez Cameselle, Francisco Jose"]
[Black "Carbonell Martinez, Juan"]
[Result "1-0"]
[WhiteElo "1984"]
[BlackElo "2119"]
[PlyCount "121"]
[EventDate "2007.01.08"]
[EventType "swiss"]
[EventRounds "9"]
[EventCountry "ESP"]
[Source "lmi"]
[SourceDate "2007.01.08"]

1. Nf3 Nc6 2. g3 e5 3. d3 d6 4. e4 Nf6 5. Nc3 Bg4 6. h3 Bxf3 7. Qxf3 Nd4 8. Qd1
c6 9. Bg2 Be7 10. O-O O-O 11. Ne2 c5 12. c3 Ne6 13. f4 Qb6 14. Kh1 Rfe8 15. f5
Nf8 16. g4 h6 17. Ng3 N6h7 18. Qe2 Bh4 19. Kh2 Nd7 20. Be3 Qc7 21. a4 Ndf6 22.
c4 a5 23. Qd2 Qe7 24. Ne2 Nd7 25. Nc3 Nb6 26. Qe2 Bg5 27. Ra3 Bxe3 28. Qxe3 Nf6
29. g5 hxg5 30. Qxg5 Nfd7 31. Qg3 Qf6 32. Rb3 Kf8 33. Rg1 Ke7 34. Bf3 Rg8 35.
Rb5 Qh6 36. Qg5+ Qxg5 37. Rxg5 Kf6 38. Rh5 g6 39. fxg6 fxg6 40. Rh7 Rg7 41.
Rxg7 Kxg7 42. Bg4 Ra7 43. b3 Kf6 44. Kg3 Kg5 45. h4+ Kh6 46. Nd1 Kg7 47. Ne3
Kf7 48. Bh3 Ke7 49. Kg4 Ra8 50. Kg5 Rf8 51. Bxd7 Nxd7 52. Rxb7 Rf3 53. Nd5+ Ke6
54. Kxg6 Rg3+ 55. Kh6 Rxd3 56. h5 Rg3 57. Kh7 Rg5 58. Kh6 Rg3 59. Ra7 Rg8 60.
Rxd7 Rg7 61. Kxg7 1-0

[Event "Madrid ch sf-A"]
[Site "Madrid ESP"]
[Date "2007.01.15"]
[Round "4.10"]
[White "Martin-Consuegra, Javier"]
[Black "Algaba Traspuesto, Jose Antonio"]
[Result "1/2-1/2"]
[WhiteElo "1949"]
[BlackElo "1825"]
[PlyCount "57"]
[EventDate "2007.01.08"]
[EventType "swiss"]
[EventRounds "9"]
[EventCountry "ESP"]
[Source "lmi"]
[SourceDate "2007.01.08"]

1. d4 e6 2. Nf3 d5 3. Bf4 Bd6 4. Qd2 Nf6 5. Bxd6 Qxd6 6. Nc3 a6 7. e3 Nbd7 8.
Be2 c5 9. O-O O-O 10. a4 b6 11. h3 Bb7 12. b3 Rac8 13. Na2 cxd4 14. exd4 Rc7
15. Bd3 Nh5 16. g3 Nhf6 17. Rae1 Ne4 18. Qe2 f5 19. Kg2 f4 20. g4 e5 21. dxe5
Nxe5 22. Nxe5 Qxe5 23. f3 Qb2 24. Nb4 a5 25. Nxd5 Bxd5 26. fxe4 Ba8 27. Bc4+
Kh8 28. Qd3 Qe5 29. Re2 1/2-1/2

[Event "Madrid ch sf-A"]
[Site "Madrid ESP"]
[Date "2007.01.15"]
[Round "4.11"]
[White "Garcia Fernandez, Jesus"]
[Black "Lopez Heras, Arturo"]
[Result "0-1"]
[WhiteElo "1937"]
[BlackElo "1947"]
[PlyCount "30"]
[EventDate "2007.01.08"]
[EventType "swiss"]
[EventRounds "9"]
[EventCountry "ESP"]
[Source "lmi"]
[SourceDate "2007.01.08"]

1. Nf3 Nf6 2. g3 Nc6 3. c4 e5 4. Nc3 Bb4 5. Nd5 e4 6. Nxb4 Nxb4 7. Nd4 c5 8.
Nf5 O-O 9. Nd6 Qe7 10. Nxc8 Raxc8 11. a3 Nd3+ 12. exd3 exd3+ 13. Be2 Rfe8 14.
b3 Qe4 15. f3 Qxf3 0-1

[Event "Madrid ch sf-A"]
[Site "Madrid ESP"]
[Date "2007.01.16"]
[Round "5.1"]
[White "Nuñez Muñoz, Jesus"]
[Black "Rabadan Velasco, Raul"]
[Result "0-1"]
[WhiteElo "2205"]
[BlackElo "2254"]
[PlyCount "71"]
[EventDate "2007.01.08"]
[EventType "swiss"]
[EventRounds "9"]
[EventCountry "ESP"]
[Source "lmi"]
[SourceDate "2007.01.08"]

1. e4 c5 2. Nf3 d6 3. d4 cxd4 4. Nxd4 Nf6 5. Nc3 e6 6. Be2 a6 7. Be3 Qc7 8. O-O
b5 9. Bf3 Bb7 10. a3 Nbd7 11. Re1 Be7 12. g3 O-O 13. Bg2 Nc5 14. Bc1 Rfd8 15.
Qe2 d5 16. exd5 Nxd5 17. Nxd5 Bxd5 18. Bxd5 Rxd5 19. c3 Bf6 20. Be3 Bxd4 21.
Bxd4 Nb3 22. Rad1 Nxd4 23. Rxd4 Rxd4 24. cxd4 Rd8 25. Qe4 h6 26. Re2 Qc4 27.
Re3 Rxd4 28. Qa8+ Kh7 29. Qxa6 Rd1+ 30. Kg2 Qf1+ 31. Kf3 Qh1+ 32. Ke2 Qf1+ 33.
Kf3 Rd2 34. Qb6 Qxf2+ 35. Kg4 Qf5+ 36. Kh4 0-1

[Event "Madrid ch sf-A"]
[Site "Madrid ESP"]
[Date "2007.01.16"]
[Round "5.2"]
[White "Ballesteros Gonzalez, David"]
[Black "Lozano Cortijo, Mariano"]
[Result "1-0"]
[WhiteElo "2212"]
[BlackElo "2181"]
[PlyCount "75"]
[EventDate "2007.01.08"]
[EventType "swiss"]
[EventRounds "9"]
[EventCountry "ESP"]
[Source "lmi"]
[SourceDate "2007.01.08"]

1. d4 e6 2. c4 Nf6 3. Nf3 Bb4+ 4. Nbd2 b6 5. a3 Bxd2+ 6. Bxd2 Bb7 7. g3 d5 8.
Bg2 dxc4 9. Qa4+ Nbd7 10. Qxc4 O-O 11. O-O c5 12. dxc5 Nxc5 13. Bb4 Rc8 14.
Rfd1 Qc7 15. Bc3 Nce4 16. Qxc7 Rxc7 17. Be5 Rd7 18. Bxf6 Rxd1+ 19. Rxd1 Nxf6
20. Ne5 Bxg2 21. Kxg2 Rc8 22. Nc6 Kf8 23. Nxa7 Rc2 24. b4 Rxe2 25. Rd8+ Ne8 26.
Rb8 Ke7 27. Rxb6 Nd6 28. a4 Ra2 29. a5 Ne4 30. Nc6+ Kf6 31. Kf3 Nxf2 32. a6 g5
33. a7 g4+ 34. Ke3 Nd1+ 35. Kd3 Nb2+ 36. Kd4 Ra3 37. Rb8 Rd3+ 38. Ke4 1-0

[Event "Madrid ch sf-A"]
[Site "Madrid ESP"]
[Date "2007.01.16"]
[Round "5.3"]
[White "Salcedo Tornero, Pablo"]
[Black "Pastor Alonso de Prado, Alberto"]
[Result "0-1"]
[WhiteElo "2176"]
[BlackElo "2212"]
[PlyCount "74"]
[EventDate "2007.01.08"]
[EventType "swiss"]
[EventRounds "9"]
[EventCountry "ESP"]
[Source "lmi"]
[SourceDate "2007.01.08"]

1. e4 e5 2. Nf3 Nc6 3. d3 d5 4. Nbd2 Bc5 5. g3 Nf6 6. Bg2 dxe4 7. dxe4 Be6 8.
O-O Qd7 9. c3 a5 10. Qe2 O-O 11. Nc4 Ng4 12. Ne3 Nxe3 13. Bxe3 Bxe3 14. Qxe3 f6
15. Rfd1 Qf7 16. Qc5 a4 17. Bf1 Ra5 18. Qa3 b6 19. Rd2 Rd8 20. Rxd8+ Nxd8 21.
Ne1 Nb7 22. Qb4 Nd6 23. a3 Bc4 24. Nd3 Ra6 25. Rd1 Qe8 26. Nc5 Bxf1 27. Nxa6
Bxa6 28. b3 axb3 29. Qxb3+ Bc4 30. Qb4 Qc6 31. f3 Be2 32. Qb3+ Kf8 33. Rd2 Bxf3
34. Qe6 Qxc3 35. Rf2 Qe1+ 36. Rf1 Qe3+ 37. Rf2 Nxe4 0-1